000 00739nam a2200193Ia 4500
008 151121s9999||||xx |||||||||||||| ||und||
082 _aढसाळ/811
082 _bHNW-112748
100 _aढसाळ नामदेव
245 _aचिंध्यांची देवी आणि इतर कविता
260 _b"लोकवाङमय गृह, मुंबई।"
260 _c2012
300 _a100
600 _aढसाळ नामदेव
630 _aचिंध्यांची देवी आणि इतर कविता
700 _aढसाळ नामदेव
730 _aचिंध्यांची देवी आणि इतर कविता
942 _cBOOK
999 _c1262025
_d1262022